Curious George Makes pancakes / by Margaret and H. a. Rey.
Every year George and the Man with the Yellow Hat attend the pancake breakfast to benefit the children’s hospital. Always curious, George finds his way to the pancake table. After making some of the most interesting pancakes the crowd has ever seen, George gets into even more monkey mischief. Activities include coloring, fun facts, and funny faces pancake recipe.
Record details
- ISBN: 0395919088
- ISBN: 9780395919088
- Physical Description: 24 pages ; 21 cm
- Publisher: Boston, Mass. : Houghton Mifflin Co, ©1998.
Search for related items by subject
| Subject: | Curious George (Fictitious character) > Juvenile fiction. Monkeys > Juvenile fiction. Pancakes, waffles, etc > Juvenile fiction. Fund raising > Juvenile fiction. |
| Genre: | Fiction. Juvenile works. Picture books. |
Available copies
- 1 of 1 copy available at scottsboropl.
Holds
- 0 current holds with 1 total copy.
Show Only Available Copies
| Location | Call Number / Copy Notes | Barcode | Shelving Location | Status | Due Date |
|---|---|---|---|---|---|
| scottsboropl | E Rey | 32269001163248 | Juvenile - Easy | Available | - |
| LDR | 02510cam a2200637Mi 4500 | ||
|---|---|---|---|
| 001 | 154780 | ||
| 003 | SBPL | ||
| 005 | 20201203204552.0 | ||
| 008 | 050305s1998 mau j 000 1 eng d | ||
| 010 | . | ‡a 98012350 | |
| 020 | . | ‡a0395919088 | |
| 020 | . | ‡a9780395919088 | |
| 035 | . | ‡a(OCoLC)731251189 ‡z(OCoLC)733818460 | |
| 050 | 1 | 4. | ‡aPZ7 ‡b.C921643 1998 |
| 082 | 0 | 4. | ‡a[E] ‡221 |
| 100 | 1 | . | ‡aRey, Margaret and H. A.: ‡eauthor |
| 245 | 1 | 0. | ‡aCurious George Makes pancakes / ‡cby Margaret and H. a. Rey. |
| 260 | . | ‡aBoston, Mass. : ‡bHoughton Mifflin Co, ‡c©1998. | |
| 300 | . | ‡a24 pages ; ‡c21 cm | |
| 336 | . | ‡atext ‡btxt ‡2rdacontent | |
| 337 | . | ‡aunmediated ‡bn ‡2rdamedia | |
| 338 | . | ‡avolume ‡bnc ‡2rdacarrier | |
| 520 | . | ‡aEvery year George and the Man with the Yellow Hat attend the pancake breakfast to benefit the children’s hospital. Always curious, George finds his way to the pancake table. After making some of the most interesting pancakes the crowd has ever seen, George gets into even more monkey mischief. Activities include coloring, fun facts, and funny faces pancake recipe. | |
| 650 | 0. | ‡aCurious George (Fictitious character) ‡vJuvenile fiction. | |
| 650 | 0. | ‡aMonkeys ‡vJuvenile fiction. | |
| 650 | 0. | ‡aPancakes, waffles, etc ‡vJuvenile fiction. | |
| 650 | 0. | ‡aFund raising ‡vJuvenile fiction. | |
| 655 | 7. | ‡aFiction. | |
| 655 | 7. | ‡aJuvenile works. | |
| 655 | 7. | ‡aPicture books. ‡2lcgft | |
| 901 | . | ‡a154780 ‡b ‡c154780 ‡tbiblio | |